000 00379nam a2200169Ia 4500
001 24396
003 IN-NITTTR
005 20251114233312.0
008 251113s9999||||xx |||||||||||||| ||eng||
040 _beng
040 _cIN-NITTTR
041 _aeng
082 _a005.3 M581
100 _aTodd, Greg
245 0 _aMicrosoft exchange server5 /
_cTodd, Greg
942 _2ddc
_cBK
999 _c27025
_d27025